MARC details
| 000 -LEADER |
| fixed length control field |
01090nam a2200253Ia 4500 |
| 003 - CONTROL NUMBER IDENTIFIER |
| control field |
IN-BaIIA |
| 008 - FIXED-LENGTH DATA ELEMENTS--GENERAL INFORMATION |
| fixed length control field |
211028s9999 xx 000 0 eng d |
| 020 ## - INTERNATIONAL STANDARD BOOK NUMBER |
| International Standard Book Number |
90-277-2615-9 |
| 040 ## - CATALOGING SOURCE |
| Transcribing agency |
IIA Library |
| 080 ## - UNIVERSAL DECIMAL CLASSIFICATION NUMBER |
| Universal Decimal Classification number |
082.2:52 |
| Item number |
IAU-S123 |
| 111 ## - MAIN ENTRY--MEETING NAME |
| Meeting name or jurisdiction name as entry element |
Symposim on Advances in Helio- and Asteroseismology of the International Astronomical Union |
| Number of part/section/meeting |
123rd |
| Location of meeting |
Aarhus, Denmark |
| Date of meeting or treaty signing |
1986 July 7-11 |
| 9 (RLIN) |
15701 |
| 245 #0 - TITLE STATEMENT |
| Title |
Advances in helio- and asteroseismology |
| Remainder of title |
proceedings of the 123th symposim on advances in helio- and asteroseismology of the International Astronomical Union held in Aarhus, Denmark, July 7-11, 1986 |
| Statement of responsibility, etc. |
edited by Jorgen Dalsgaard-Christensen and Sore Frandsen |
| 260 ## - PUBLICATION, DISTRIBUTION, ETC. |
| Place of publication, distribution, etc. |
Dordrecht |
| Name of publisher, distributor, etc. |
D. Reidel Publishing |
| Date of publication, distribution, etc. |
1988 |
| 300 ## - PHYSICAL DESCRIPTION |
| Extent |
xxi, 604p. |
| 490 ## - SERIES STATEMENT |
| Series statement |
IAU symposium; no. 123 |
| 650 ## - SUBJECT ADDED ENTRY--TOPICAL TERM |
| Topical term or geographic name entry element |
Astronomy and Astrophysics thesaurus |
| 650 ## - SUBJECT ADDED ENTRY--TOPICAL TERM |
| Topical term or geographic name entry element |
Helioseismology |
| 9 (RLIN) |
15702 |
| 650 ## - SUBJECT ADDED ENTRY--TOPICAL TERM |
| Topical term or geographic name entry element |
Seismology |
| 650 ## - SUBJECT ADDED ENTRY--TOPICAL TERM |
| Topical term or geographic name entry element |
Solar oscillations |
| 9 (RLIN) |
7338 |
| 650 ## - SUBJECT ADDED ENTRY--TOPICAL TERM |
| Topical term or geographic name entry element |
Stellar oscillations |
| 9 (RLIN) |
11440 |
| 700 ## - ADDED ENTRY--PERSONAL NAME |
| Personal name |
Dalsgaard-Christensen, Jorgen ed. |
| 9 (RLIN) |
15703 |
| 700 ## - ADDED ENTRY--PERSONAL NAME |
| Personal name |
Frandsen, Sore ed |
| 9 (RLIN) |
15704 |
| 942 ## - ADDED ENTRY ELEMENTS (KOHA) |
| Koha item type |
Books |